[Event "II Cerrado Promocion FNA 2022"]
[Site "Pamplona"]
[Date "2022.01.07"]
[Round "7.5"]
[White "Alonso Bouza, Julio Javier"]
[Black "Labiano Hernandez, Juan"]
[Result "1-0"]
[WhiteElo "2396"]
[BlackElo "2210"]
[Annotator "ChessBase"]
[PlyCount "99"]
[EventDate "2022.01.02"]
[EventType "tourn"]
[EventCountry "ESP"]
[SourceTitle "playchess.com"]
[Source "ChessBase"]
[SourceQuality "1"]
[TimeControl "5400+30"]

1. e4 {[%emt 0:01:39]} e5 {[%emt 0:00:04]} 2. Nf3 {[%emt 0:00:09]} Nf6 {[%emt 0:00:06]} 3. Nxe5 {[%emt 0:00:54]} Nxe4 {[%emt 0:00:07]} 4. Qe2 {[%emt 0:00:29]} Qe7 {[%emt 0:00:04]} 5. Qxe4 {[%emt 0:00:14]} d6 {[%emt 0:00:05]} 6. d4 {[%emt 0:00:18]} dxe5 {[%emt 0:00:04]} 7. dxe5 {[%emt 0:00:20]} Nc6 {[%emt 0:00:06]} 8. Nc3 {[%emt 0:00:55]} Qxe5 {[%emt 0:00:09]} 9. Qxe5+ {[%emt 0:00:10]} Nxe5 {[%emt 0:00:01]} 10. Nb5 {[%emt 0:00:16]} Bb4+ {[%emt 0:01:00]} 11. Bd2 {[%emt 0:00:24]} Bxd2+ {[%emt 0:00:09]} 12. Kxd2 {[%emt 0:00:03]} Kd8 {[%emt 0:00:09]} 13. Re1 {[%emt 0:00:28]} f6 {[%emt 0:02:33]} 14. f4 {[%emt 0:01:34]} Ng6 {[%emt 0:00:06]} 15. g3 {[%emt 0:01:49]} Bd7 {[%emt 0:03:57]} 16. Nd4 {[%emt 0:04:58]} Re8 {[%emt 0:05:22]} 17. Bd3 {[%emt 0:03:40]} Nf8 {[%emt 0:08:08]} 18. Rxe8+ {[%emt 0:10:23]} Kxe8 {[%emt 0:01:02]} 19. Re1+ {[%emt 0:00:22]} Kd8 {[%emt 0:00:10]} 20. b4 {[%emt 0:02:03]} Rc8 {[%emt 0:11:13]} 21. Nf5 {[%emt 0:04:11]} Bxf5 {[%emt 0:00:13]} 22. Bxf5 {[%emt 0:00:06]} Ra8 {[%emt 0:00:11]} 23. Kc3 {[%emt 0:01:14]} c6 {[%emt 0:03:17]} 24. Kc4 {[%emt 0:02:36]} g6 {[%emt 0:01:18]} 25. Bh3 {[%emt 0:01:42]} b6 {[%emt 0:05:33]} 26. a4 {[%emt 0:08:30]} h5 {[%emt 0:01:08]} 27. b5 {[%emt 0:18:19]} cxb5+ {[%emt 0:00:24]} 28. axb5 {[%emt 0:02:47]} f5 {[%emt 0:00:06]} 29. Bg2 {[%emt 0:02:01]} Rc8+ {[%emt 0:04:47]} 30. Bc6 {[%emt 0:00:36]} Kc7 {[%emt 0:02:59]} 31. Re7+ {[%emt 0:00:50]} Kd6 {[%emt 0:00:07]} 32. Rxa7 {[%emt 0:00:18]} Rb8 {[%emt 0:00:34]} 33. c3 {[%emt 0:02:29]} Ke6 {[%emt 0:00:33]} 34. h4 {[%emt 0:30:43]} Kf6 {[%emt 0:51:45]} 35. Bd5 {[%emt 0:00:00]} Rc8+ {[%emt 0:00:00]} 36. Kb4 {[%emt 0:00:00]} Ne6 {[%emt 0:00:00]} 37. Bxe6 {[%emt 0:00:00]} Kxe6 {[%emt 0:00:00]} 38. Rb7 {[%emt 0:00:00]} Kd5 {[%emt 0:00:00]} 39. Rxb6 {[%emt 0:00:00]} Rg8 {[%emt 0:00:00]} 40. c4+ {[%emt 0:00:00]} Ke4 {[%emt 0:00:00]} 41. Ra6 {[%emt 0:00:00]} Kf3 {[%emt 0:00:00]} 42. Ra3+ {[%emt 0:00:00]} Kg4 {[%emt 0:00:00]} 43. b6 {[%emt 0:00:00]} g5 {[%emt 0:00:00]} 44. fxg5 {[%emt 0:00:00]} f4 {[%emt 0:00:00]} 45. gxf4 {[%emt 0:00:00]} Kxh4 {[%emt 0:00:00]} 46. c5 {[%emt 0:00:00]} Kg4 {[%emt 0:00:00]} 47. b7 {[%emt 0:00:00]} h4 {[%emt 0:00:00]} 48. Ra8 {[%emt 0:00:00]} h3 {[%emt 0:00:00]} 49. Rxg8 {[%emt 0:00:00]} h2 {[%emt 0:00:00]} 50. Rh8 {[%emt 0:00:00]} 1-0

[Event "II Cerrado Promocion FNA 2022"]
[Site "Pamplona"]
[Date "2022.01.08"]
[Round "8.2"]
[White "Escartin Lacasa, Jose"]
[Black "Alonso Bouza, Julio Javier"]
[Result "1/2-1/2"]
[WhiteElo "2315"]
[BlackElo "2396"]
[Annotator "TA"]
[PlyCount "114"]
[EventDate "2022.01.02"]
[EventType "tourn"]
[EventCountry "ESP"]
[SourceTitle "playchess.com"]
[Source "ChessBase"]
[SourceQuality "1"]

{[%evp 13,114,0,0,0,6,-2,56,60,70,38,35,20,75,43,82,38,24,37,35,4,34,-4,2,-35,24,-125,-99,-109,-110,-133,-128,-127,-129,-123,0,17,13,23,72,63,68,62,68,68,59,64,64,42,41,43,41,41,48,33,31,22,24,22,24,22,28,23,35,0,6,0,8,9,14,0,0,0,0,0,0,0,0,0,0,0,0,0,0,0,0,0,0,0,12842,0,0,0,0,0,0,-27999,-27999,-27999,-28000,-28000,27985,-28000,27986]} 1. d4 d5 2. Nf3 Nf6 3. c4 e6 4. g3 Be7 5. Bg2 O-O 6. O-O dxc4 7. Qc2 b5 8. a4 {E05: Open Catalan: 5 Nf3 Be7.} b4 $1 9. Bg5 {[#]} h6 $146 (9... Ba6 $11) ({Predecessor:} 9... Ba6 10. Ne5 Qxd4 11. Nxc4 Qxc4 12. Qxc4 Bxc4 13. Bxa8 Bxe2 14. Re1 Ba6 15. Nd2 Nbd7 {1-0 (48) Votava,J (2521)-Bogosavljevic,B (2518) Germany 2019}) 10. Bxf6 $14 {White is slightly better.} Bxf6 11. Rd1 Ba6 12. Ne5 {To avoid Nc6} b3 13. Qe4 {White is much more active.} c6 14. Na3 ({White should try} 14. Nd2 $16) 14... c3 $1 15. bxc3 Qa5 $1 {[%csl LRa4,LRc3]} 16. Nb1 Rd8 (16... Bxe5 $5 17. dxe5 Rd8 18. Rxd8+ Qxd8 $11) 17. Nd3 Bc4 18. Nb4 c5 {[#]} 19. Qxa8 (19. Nd2 $1 $11 cxb4 20. Nxc4 (20. Qxa8 b2 $17)) 19... cxb4 $17 20. cxb4 Qxb4 21. Qb7 Qxb7 22. Bxb7 Rxd4 23. Na3 {And now Rxd4 would win.} Bxe2 (23... b2 $17 24. Rab1 Bxe2 25. Rxd4 Bxd4) 24. Rxd4 $11 Bxd4 {This bishop pair is nice.} 25. Re1 Ba6 {[#]} (25... Bh5 $1 $11 {might be stronger.}) 26. Rb1 $1 Bxb7 27. Rxb3 Bb6 {...Bd5 is the strong threat.} 28. a5 $1 Nd7 29. axb6 axb6 $14 {[%mdl 4096] Endgame KRN-KBN} 30. Nc4 (30. Rb4 $5 {[%cal Ra3c4]}) 30... Bd5 31. Rb4 Bxc4 32. Rxc4 {KR-KN} Kf8 33. Rc7 {[%mdl 1024] White has compensation.} Ke7 34. Kf1 Kd6 35. Ra7 e5 36. Ke2 h5 37. Kd3 g6 38. f3 f5 39. Ra8 Nf6 {Inhibits Rg8.} 40. Rb8 Nd5 41. Kc4 {Black must now prevent Rd8+.} Ne3+ 42. Kb4 Nf1 43. Rxb6+ Kd5 44. Rxg6 {Threatens to win with h3.} Nxh2 45. Rg5 h4 46. gxh4 {[%cal Bg3h4,Bh4h5,Bh5h6,Bh6h7][%mdl 32]} Nxf3 47. Rh5 f4 48. Rh8 e4 49. Kc3 {Strongly threatening h5.} e3 50. h5 Ne5 $2 {[%mdl 8192] [#]} (50... e2 $11 51. Re8 e1=Q+ 52. Rxe1 Nxe1) 51. Rf8 $2 (51. Rd8+ $1 $18 Ke4 52. h6) 51... f3 $11 52. h6 {Hoping for h7.} f2 53. h7 e2 54. Rxf2 $4 {[%mdl 8192]} (54. h8=Q $11 e1=Q+ 55. Kc2) 54... e1=Q+ 55. Rd2+ Qxd2+ $4 {[%mdl 8192]} 56. Kxd2 Ke4 $4 {[%mdl 8192]} (56... Ng6 57. Ke3 Ke6) 57. Kc3 Nf3 $4 {[%mdl 40960] Weighted Error Value: White=0.53/Black=0.31. An unexpected result.} (57... Ng6 58. Kd2 Nh8) 1/2-1/2

[Event "II Cerrado Promocion FNA 2022"]
[Site "Pamplona"]
[Date "2022.01.08"]
[Round "8.4"]
[White "Minzer, Claudio Javier"]
[Black "Urriza Iricibar, Pablo"]
[Result "1-0"]
[WhiteElo "2442"]
[BlackElo "2286"]
[Annotator "TA"]
[PlyCount "97"]
[EventDate "2022.01.02"]
[EventType "tourn"]
[EventCountry "ESP"]
[SourceTitle "playchess.com"]
[Source "ChessBase"]
[SourceQuality "1"]

{[%evp 19,97,5,30,21,21,17,40,48,59,38,46,19,23,35,33,24,69,45,82,65,68,66,90,42,57,18,80,75,69,15,11,0,0,0,40,0,76,76,82,76,46,58,68,64,66,68,70,43,50,59,283,79,85,22,27,0,0,-8,91,87,87,87,1701,1601,1671,1644,2250,1934,29966,29968,29967,1014,29974,29975,29977,29978,29980,29981,29981,29982]} 1. d4 f5 2. Nf3 Nf6 3. g3 g6 4. Bg2 Bg7 5. O-O O-O 6. b3 d6 7. Bb2 Qe8 8. Nbd2 Nc6 9. Nc4 {9.Nc4 scores better than 9.Re1.} e6 10. a4 h6 11. e3 {A81: Dutch Defence: 2 g3.} g5 12. Ne1 Bd7 13. Nd3 {White is slightly better.} a5 {[#]} 14. Re1 $146 ({Predecessor:} 14. Qe2 b6 15. f3 Nh5 16. c3 e5 17. dxe5 dxe5 18. e4 f4 19. g4 Nf6 20. b4 {0-1 (54) Gabriel,R (2270)-Stoll,F (2240) Germany 1996}) 14... Qg6 15. Na3 h5 16. Nb5 Rac8 17. c4 {[%cal Bc2c4,Bc4c5][%mdl 32]} b6 (17... Qh6 $11) 18. Rc1 $14 Ne7 19. c5 {White is more active.} Bxb5 20. axb5 Ned5 21. Ba3 ({Better is} 21. f3 $16) 21... Ne4 22. Qc2 Rcd8 (22... Qe8 $11 {keeps the balance.}) 23. cxd6 $16 cxd6 24. Bb2 (24. Nb2 $14) 24... h4 $11 25. Qe2 hxg3 26. fxg3 Rc8 27. Nf2 Bh6 (27... Rxc1 $11 {remains equal.} 28. Bxc1 (28. Rxc1 Nxf2 29. Qxf2 f4 $15) 28... Nxf2 29. Qxf2 Nb4) 28. Rxc8 $16 Rxc8 29. Nxe4 fxe4 30. Qg4 Qf5 31. Qxe4 Qxe4 32. Bxe4 g4 33. Kf2 (33. Bxd5 $5 exd5 34. Kf2 $14) 33... Rf8+ 34. Ke2 Nc7 (34... Nxe3 $14 35. Ba3 (35. Bc1 d5 $11) 35... Nd5) 35. Bc6 $2 (35. Rc1 $18 {and the rest is easy.} d5 36. Bg6 (36. Rxc7 dxe4 37. Rc6 Rf5 $18)) 35... Rf5 36. d5 (36. h4 $16) 36... Rh5 $11 37. Bd4 {[#] Strongly threatening e4.} Nxd5 38. Rf1 Nxe3 39. Bxe3 $16 {A strong pair of Bishops.} Re5 40. Rf4 $1 Bxf4 {[%mdl 8192] [#]} (40... Rxe3+ $16 41. Kxe3 e5) 41. gxf4 $18 Rh5 42. Bxb6 Rxh2+ 43. Kf1 Rb2 44. Bxa5 Rxb3 45. Bc7 (45. b6 $142 Kf7 46. b7 Rb1+ 47. Kg2 e5 48. fxe5 Ke7 49. Bc7 dxe5 50. b8=Q Rxb8 51. Bxb8) 45... Kf7 46. b6 {[%cal Bb5b6,Bb6b7][%mdl 32] White mates.} Kf6 47. b7 Kf5 48. Bxd6 Rb1+ 49. Ke2 {Weighted Error Value: White=0.28 (precise) /Black=0.61} 1-0

[Event "II Cerrado Promocion FNA 2022"]
[Site "Pamplona"]
[Date "2022.01.08"]
[Round "8.5"]
[White "Luque Saiz, Andres"]
[Black "Garrido Outon, Alex"]
[Result "1/2-1/2"]
[WhiteElo "2288"]
[BlackElo "2412"]
[Annotator "TA"]
[PlyCount "62"]
[EventDate "2022.01.02"]
[EventType "tourn"]
[EventCountry "ESP"]
[SourceTitle "playchess.com"]
[Source "ChessBase"]
[SourceQuality "1"]

{[%evp 10,62,13,18,24,0,11,0,7,9,8,0,0,0,0,6,5,-14,0,-8,9,0,5,0,9,0,25,3,0,0,0,0,0,0,0,-16,0,0,0,0,0,0,0,0,0,0,12,8,28,0,0,0,0,0,0]} 1. e4 e5 2. Nf3 Nc6 3. Bc4 Bc5 4. c3 Nf6 5. d3 d6 6. O-O a5 {C54: Giuoco Piano: 4 c3 Nf6, main lines with 5 d4 and 5 d3.} 7. Nbd2 {[%cal Bb1d2,Bd2f1,Bf1g3][%mdl 32]} O-O 8. h3 h6 $1 {8...h6 scores better than 8...Be6.} 9. Re1 Be6 10. Bb5 Qb8 11. Nf1 Qa7 12. Be3 Bxe3 13. Rxe3 {[#]} Ne7 $146 ({Predecessor:} 13... Qb6 14. Ba4 Ne7 15. Qc1 Ng6 16. d4 c6 17. dxe5 dxe5 18. N1d2 Rad8 19. Bb3 Rfe8 {½-½ (44) Stojkovska,M (2106)-Georgescu,L (2276) Chess.com INT 2020}) 14. d4 c6 15. Ba4 Ng6 16. Ng3 Rad8 17. Bb3 Bxb3 (17... Bd7 {seems wilder.} 18. a4 Rfe8 19. Qc2 Nf4 20. Rd1 Qb6) 18. Qxb3 (18. axb3 $5 {[%cal Rb3b4]} Qb6 19. Nf5 $11) 18... Rfe8 19. dxe5 dxe5 20. Rd1 Rxd1+ 21. Qxd1 Qb6 22. Re2 Rd8 23. Rd2 Rxd2 24. Qxd2 Qc7 25. Kf1 Qd7 26. Qxd7 Nxd7 $11 {KNN-KNN} 27. Nd2 Ne7 28. Ke2 f6 29. b4 axb4 {The position is equal.} 30. cxb4 b5 31. Nb3 Kf7 {A balanced but interesting game.  Weighted Error Value: White=0.05 (flawless) /Black=0.04 (flawless)} 1/2-1/2

[Event "II Cerrado Promocion FNA 2022"]
[Site "Pamplona"]
[Date "2022.01.09"]
[Round "9.2"]
[White "Urriza Iricibar, Pablo"]
[Black "Luque Saiz, Andres"]
[Result "0-1"]
[WhiteElo "2286"]
[BlackElo "2288"]
[Annotator "TA"]
[PlyCount "88"]
[EventDate "2022.01.02"]
[EventType "tourn"]
[EventCountry "ESP"]
[SourceTitle "playchess.com"]
[Source "ChessBase"]
[SourceQuality "1"]

{[%evp 9,88,18,6,10,24,8,58,40,72,39,45,51,56,47,103,103,96,87,94,91,79,71,72,76,80,68,80,41,44,-4,-4,-24,0,0,8,10,13,12,13,-31,-33,-42,0,0,0,0,0,0,11,0,0,0,0,0,0,0,0,0,0,0,0,-32,-35,-332,-289,-964,-932,-925,-1705,-1634,-1581,-1582,-1506,-1069,-813,-4939,-4610,-2117,-1614,-1485,-983]} 1. e4 c6 2. d4 d5 3. e5 c5 4. dxc5 e6 5. Bd3 Nd7 6. Nf3 {B12: Caro-Kann: Advance Variation.} Ne7 7. O-O {[#]} Ng6 $146 (7... Nxc5 $11 8. Be2 a6) ({Predecessor:} 7... Nc6 8. c4 dxc4 9. Bxc4 Ndxe5 10. Nxe5 Qxd1 11. Rxd1 Nxe5 12. Bb5+ Bd7 13. Nc3 Bxc5 {0-1 (51) Volokitin,A (2674)-Grishchenko,S (2431) Yerevan 2014}) 8. b4 {White is slightly better.} Ngxe5 9. Nxe5 Nxe5 10. Bb2 Nxd3 11. Qxd3 b6 (11... a5 $14) 12. c6 $1 $16 f6 13. a3 a6 {[#]} 14. c4 $1 Be7 15. cxd5 (15. Nc3 {is more complex.} d4 16. Na4 b5 17. cxb5 axb5 18. Qxb5 Ba6 19. Qh5+) 15... Qxd5 16. Qxd5 exd5 17. Bd4 b5 18. Re1 {Black must now prevent Bc5.} Kf7 19. Ra2 (19. Nc3 $14) 19... Bf5 $11 20. Rae2 Rhe8 21. Nc3 Bd3 22. Re3 ({Not} 22. Nxd5 $2 Bxe2 23. Nc7 (23. Rxe2 $2 Rad8 $19) 23... Bc4 $19) 22... Bc4 23. c7 {Hoping for Bc5.} Rac8 {[%cal Ba8c8,Bc8c7,Bc7d7,Bd7d8][%mdl 32]} 24. Re6 (24. Bb6 $11 {might be stronger.}) 24... Rxc7 $15 25. Rxa6 {[#]} Rb8 (25... Bxb4 $1 $15 26. Rxe8 Bxc3) 26. f3 {[%cal Bf2f3,Bf3f4][%mdl 32]} Rd7 27. Kf2 Bd6 28. g3 Rbd8 29. f4 h5 30. h4 Rb8 31. Re3 Rdd8 32. Ra7+ Kg6 33. f5+ Kxf5 34. Rxg7 {Intending Rf3+ and mate.} Rf8 $1 35. Rh7 Be5 {Really sharp!} 36. Bxe5 {[%mdl 8192] White does not recover from this.} (36. Ne2 $1 $15) 36... fxe5 $19 37. Rg7 $2 (37. Rf3+ Kg6 38. Rd7 Rxf3+ 39. Kxf3 Rf8+ 40. Kg2) 37... Ke6+ {Black is clearly winning.} 38. Rf3 Rxf3+ 39. Kxf3 {[%mdl 4096] Endgame KRB-KRN} Rf8+ 40. Kg2 d4 {[%cal Bd5d4,Bd4d3][%mdl 32]} 41. Nd1 Be2 42. Nf2 d3 43. Rg6+ Kd5 {( -> ...d2)} 44. Rg7 Rd8 {Weighted Error Value: White=0.49/Black=0.12 (very precise)} 0-1

[Event "II Cerrado Promocion FNA 2022"]
[Site "Pamplona"]
[Date "2022.01.09"]
[Round "9.3"]
[White "Habans Aguerrea, Javier"]
[Black "Minzer, Claudio Javier"]
[Result "1/2-1/2"]
[WhiteElo "2298"]
[BlackElo "2442"]
[Annotator "TA"]
[PlyCount "68"]
[EventDate "2022.01.02"]
[EventType "tourn"]
[EventCountry "ESP"]
[SourceTitle "playchess.com"]
[Source "ChessBase"]
[SourceQuality "1"]

{[%evp 9,68,15,27,29,19,9,32,29,43,55,40,45,54,35,25,18,15,18,30,4,6,6,5,5,22,0,0,0,0,0,0,0,0,0,0,0,0,0,0,0,0,0,0,0,0,-9,-9,-9,-4,0,0,0,0,0,0,0,0,-14,-11,-15,-41]} 1. d4 Nf6 2. Bg5 e6 3. e4 h6 4. Bxf6 Qxf6 5. c3 d5 6. Bd3 {A45: Trompowsky Attack.} c5 7. Nf3 Nc6 {[%cal Rc5d4]} 8. O-O {White is slightly better.} Qd8 {[#]} 9. Qe2 $146 ({Predecessor:} 9. exd5 Qxd5 10. Re1 Be7 11. Be4 Qd6 12. Na3 cxd4 13. Nb5 Qd8 14. Nbxd4 Nxd4 15. Nxd4 {1-0 (67) Kryakvin,D (2588)-Savchenko,B (2562) Chess.com INT 2019}) 9... dxe4 10. Qxe4 Qd5 11. Qxd5 exd5 12. Re1+ Be6 13. Bf5 Kd7 14. Bxe6+ (14. Ne5+ {is interesting.} Nxe5 15. Rxe5 Kd6 16. Na3 cxd4 17. Rae1) 14... fxe6 {The position is equal.} 15. dxc5 Bxc5 16. Nbd2 Rae8 17. Nb3 Bb6 18. a4 a6 19. Rad1 Kc7 20. Nbd4 Nxd4 21. Nxd4 Kd6 22. c4 Rhf8 {[#] Strongly threatening ...Rf4.} 23. b4 {Hoping for c5+.} Bxd4 24. Rxd4 $11 {[%mdl 4096] Endgame KRR-KRR} g5 25. g3 b6 26. Re2 Rc8 27. cxd5 exd5 28. Red2 Rf5 29. h4 b5 30. axb5 axb5 31. hxg5 hxg5 32. Kg2 Rc4 33. f4 gxf4 34. gxf4 Rxf4 {Weighted Error Value: White=0.03 (flawless) /Black=0.03 (flawless)} 1/2-1/2

[Event "II Cerrado Promocion FNA 2022"]
[Site "Pamplona"]
[Date "2022.01.09"]
[Round "9.5"]
[White "Labiano Hernandez, Juan"]
[Black "Escartin Lacasa, Jose"]
[Result "1-0"]
[WhiteElo "2210"]
[BlackElo "2315"]
[Annotator "TA"]
[PlyCount "49"]
[EventDate "2022.01.02"]
[EventType "tourn"]
[EventCountry "ESP"]
[SourceTitle "playchess.com"]
[Source "ChessBase"]
[SourceQuality "1"]

{[%evp 13,49,18,32,2,7,5,6,6,8,10,16,0,0,0,52,26,33,47,88,48,54,22,102,104,102,50,48,43,53,12,129,122,29986,29987,29987,29988,29989,29990]} 1. e4 c5 2. Nf3 e6 3. c4 Nc6 4. Nc3 Nf6 5. Be2 d5 6. exd5 exd5 7. d4 Be6 8. Be3 {A34: Symmetrical English: 2 Nc3, lines with ...d5.} cxd4 9. Nxd4 Nxd4 10. Bxd4 {Black must now prevent cxd5. The position is equal.} dxc4 11. Bf3 Qd7 {[#]} 12. Bxf6 $146 ({Predecessor:} 12. Qd2 Be7 13. Rd1 Bg4 14. Bxg4 Qxg4 15. O-O O-O 16. h3 Qc8 17. Rfe1 Re8 18. Rxe7 Rxe7 19. Bxf6 gxf6 20. Nd5 Re6 21. Qf4 Qd8 22. Rd4 Qd6 23. Nxf6+ {½-½ (23) Hofstetter,H (2329)-Tsitsulin,A ICCF email 2017}) 12... gxf6 13. Qxd7+ Kxd7 (13... Bxd7 $11 14. Bd5 O-O-O) 14. Bxb7 Rb8 15. O-O-O+ Kc7 (15... Ke7 $14 16. Nd5+ Kd6 17. Nc3+ (17. Nxf6+ Kc7 $11) 17... Ke7) 16. Bf3 {White is much more active.} Bh6+ 17. Kc2 Bf4 (17... f5 $11) 18. Nd5+ $16 Bxd5 19. Rxd5 (19. Bxd5 $16 Be5 20. Rb1) 19... Be5 $14 20. Rb1 Rb4 21. a3 (21. g3 $14) 21... Ra4 (21... Rb3 $1 $11 {remains equal.}) 22. Rbd1 {Hoping for Rd7+.} c3 $2 {[%mdl 8192] [#]} (22... Rb8 $16) 23. Rc5+ $1 {White mates.} Kb6 24. Rc6+ Kb5 25. bxc3 {Weighted Error Value: White=0.15 (very precise) /Black=0.70} 1-0